[Event "VI Sunway Sitges Open 2019"]
[Site "Sitges"]
[Date "2019.12.13"]
[Round "1.1"]
[White "Lever, Erwan"]
[Black "Ivanchuk, Vassily"]
[Result "1/2-1/2"]
[WhiteElo "2258"]
[BlackElo "2690"]
[Annotator "TA"]
[PlyCount "56"]
[EventDate "2019.12.13"]
[EventType "swiss"]
[EventCountry "ESP"]
[SourceTitle "playchess.com"]
[Source "ChessBase"]
[SourceQuality "1"]

{[%evp 9,56,14,10,2,25,25,30,31,33,23,31,26,26,15,40,20,16,7,22,13,18,14,22,0,50,35,41,14,27,7,10,0,117,67,65,0,0,0,0,0,0,0,0,0,0,0,0,0,0]} 1. d4 Nf6 2. c4 e6 3. g3 Bb4+ 4. Bd2 Be7 5. Bg2 O-O (5... d5 6. Nf3 O-O 7. O-O c6 8. Qc2 Nbd7 9. Bf4 b6 10. Rd1 Ba6 11. cxd5 cxd5 12. Ne5 Nxe5 13. dxe5 Ng4 14. h3 g5 15. Bxg5 Nxe5 16. Bxe7 Qxe7 17. e4 dxe4 18. Qxe4 {½-½ (32) Yu,Y (2751)-Ding,L (2809) Shenzhen 2019}) 6. Nf3 {E00: Catalan Bogo-Indian (3 g3 Bb4+)} c5 7. O-O Nc6 8. dxc5 {White has an edge.} Bxc5 9. Nc3 h6 10. Rc1 $146 ({Predecessor:} 10. Bf4 d6 11. Na4 e5 12. Nxc5 exf4 {1-0 (40) Lautier,J (2655)-Sokolov,I (2645) Linares 1995}) 10... d6 11. a3 a5 12. Qc2 e5 13. Rfd1 Be6 14. Nd5 a4 15. e3 (15. Bc3 {is more complex.} Nd7 16. e3 Ne7 17. h3 b5 18. Nxe7+ Qxe7 19. cxb5 Bb3 20. Qf5) 15... Nd7 16. Nh4 Ra7 17. Bc3 Nb6 18. Qe2 Na5 19. Bb4 Nb3 20. Rc3 g5 (20... Re8 $11) 21. Qh5 (21. Nxb6 {keeps more tension.} Qxb6 22. Qh5 Kg7 23. Rcd3 Rd8 24. g4) 21... gxh4 22. Qxh6 (22. Nxb6 $14 Qg5 23. Qxg5+ hxg5 24. Bxc5 Nxc5 25. Rxd6) 22... Nxd5 $11 {The position is equal.} 23. Rxd5 {Black must now prevent Rxb3!} Qe7 {[#] Strongly threatening ...Ra6.} 24. Rxd6 $3 {[%mdl 512]} Qxd6 (24... Bxd6 25. Bxd6) 25. Qg5+ Kh7 {aiming for ...Qd1+.} 26. Qh5+ Kg7 27. Qg5+ Kh7 {[#] Threatens to win with ...Qd1+.} 28. Qh5+ Kg7 {Accuracy: White = 43%, Black = 55%.} 1/2-1/2

[Event "VI Sunway Sitges Open 2019"]
[Site "Sitges"]
[Date "2019.12.13"]
[Round "1.2"]
[White "Maghsoodloo, Parham"]
[Black "Han, Yichen"]
[Result "1-0"]
[WhiteElo "2690"]
[BlackElo "2257"]
[Annotator "TA"]
[PlyCount "101"]
[EventDate "2019.12.13"]
[EventType "swiss"]
[EventCountry "ESP"]
[SourceTitle "playchess.com"]
[Source "ChessBase"]
[SourceQuality "1"]

{[%evp 14,101,15,-6,-4,-3,13,12,32,32,32,32,32,32,32,32,33,31,37,35,38,24,28,22,26,27,51,25,47,31,110,32,91,89,87,90,89,80,89,81,108,116,101,114,145,145,147,133,151,144,158,120,122,122,120,122,150,135,133,127,206,208,311,304,367,367,370,366,397,321,293,321,354,321,381,371,423,422,416,399,458,443,482,468,29977,29978,29978,29979,29979,29980]} 1. d4 d5 2. Nf3 Nf6 3. c4 c6 4. e3 e6 5. Nc3 Nbd7 6. b3 Bb4 7. Bd2 O-O 8. Be2 Qe7 {D45: Semi-Slav: 5 e3} 9. O-O Rd8 10. Qc2 e5 $146 {The position is equal.} ({Predecessor:} 10... dxc4 11. bxc4 e5 12. h3 h6 13. Rfe1 Bd6 14. Bd3 Re8 15. Nh4 Qd8 16. Nf5 {1-0 (54) Mirzoev,A (2506)-Kuberczyk,C (2225) Lueneburg 2018}) 11. cxd5 cxd5 12. dxe5 Nxe5 13. Nb5 Bxd2 14. Qxd2 Bg4 15. Nxe5 Qxe5 16. Nd4 Ne4 17. Qb2 Bxe2 18. Qxe2 Rac8 19. Rac1 Nd6 20. Qg4 Qe4 21. Qg3 {[#] And now Qxd6! would win.} Qg6 (21... Qe7 $14) 22. Qh4 (22. Qe5 $16) 22... Re8 (22... Qe4 $14 23. Qg3 Qe7) 23. Rxc8 $16 Nxc8 24. Rc1 $40 {[%mdl 128] White wants a kill.} Nd6 25. h3 h6 26. a4 Kh7 27. Qf4 Re4 28. Qf3 f5 29. Rc5 Qf7 30. Qd1 Re7 {[#]} 31. Ne2 $1 Re5 32. Nf4 Ne4 33. Rxd5 Rxd5 34. Nxd5 ({Reject} 34. Qxd5 $6 Qxd5 35. Nxd5 Nc5 $14) 34... Nf6 35. Nf4 Qc7 36. Ne2 Ne4 (36... Qe5 $16 {was necessary.} 37. Nd4 Ne4) 37. Qd5 $18 g6 (37... Qc5 $142 38. Qe6 (38. Qxb7 Qa5 $18) 38... Ng5) 38. g4 Qg7 39. gxf5 gxf5+ 40. Kh2 Qc7+ 41. Kg2 Qg7+ 42. Ng3 Nxg3 43. fxg3 {[%mdl 4096] Endgame KQ-KQ} Qb2+ 44. Kf3 Qb1 {[%cal Rb1f1]} 45. Qxb7+ Kg6 {[%cal Rb1f1]} 46. Qc6+ Kh7 {[%cal Rb1f1]} 47. Qc4 Qh1+ 48. Kf4 Qxh3 (48... Qb7 $18 49. h4 Qg7 50. Kxf5 Qg6+ 51. Kf4 Qd6+ 52. Kg4 Qd7+ 53. Kf3 Qd1+ 54. Kf2 Qd2+ 55. Qe2 Qd6) 49. Qf7+ {White mates.} Kh8 50. Qf8+ Kh7 51. Qxf5+ {Accuracy: White = 78%, Black = 32%.} 1-0

[Event "VI Sunway Sitges Open 2019"]
[Site "Sitges"]
[Date "2019.12.13"]
[Round "1.3"]
[White "Ingebretsen, Jens E"]
[Black "Korobov, Anton"]
[Result "0-1"]
[WhiteElo "2255"]
[BlackElo "2668"]
[Annotator "TA"]
[PlyCount "62"]
[EventDate "2019.12.13"]
[EventType "swiss"]
[EventCountry "ESP"]
[SourceTitle "playchess.com"]
[Source "ChessBase"]
[SourceQuality "1"]

{[%evp 14,62,11,15,14,0,0,0,0,4,9,2,0,0,0,-9,-8,-19,-11,-5,0,-22,11,11,0,0,69,-66,-62,-119,-116,-112,-101,-183,-186,-199,-187,-180,-186,-234,-226,-269,-294,-406,-384,-381,-377,-360,-302,-1047,-1064]} 1. c4 e6 2. g3 d5 3. Bg2 Nf6 4. Nf3 d4 5. O-O c5 6. e3 Nc6 7. exd4 cxd4 8. d3 Bd6 {A13: English Opening: 1...e6} 9. Bg5 (9. Na3 O-O 10. Nc2 e5 11. b4 a6 12. c5 Bc7 13. a4 e4 14. dxe4 d3 15. Nce1 Nxb4 16. Ba3 {½-½ (35) Anton Guijarro,D (2678)-Wang,H (2725) Changsha 2019}) 9... h6 10. Bxf6 $1 Qxf6 {The position is equal.} 11. Nbd2 $146 ({Predecessor:} 11. a3 a5 12. Nbd2 {½-½ (26) Gabuzyan,H (2556)-Huschenbeth,N (2590) Rockville 2018}) 11... Qe7 12. a3 a5 $1 13. Re1 O-O 14. Rc1 Rd8 15. Qe2 a4 16. Ne4 Bc7 17. c5 Ra6 18. Rc4 f5 19. Ned2 e5 (19... g5 $11) 20. Nh4 ({White must play} 20. Qd1 $1 $14) 20... g5 $36 {[%mdl 2048] Black is pushing.} 21. Nhf3 {[#]} ({White should play} 21. Bxc6 $1 $15 Rxc6 22. Nhf3) 21... Be6 $1 $17 {[%cal Re6c4]} 22. Rcc1 Qf7 23. h4 (23. Qd1 $17) 23... g4 $19 24. Nh2 h5 25. f3 Qg7 26. fxg4 hxg4 27. Nhf1 {[#]} e4 $1 {[%mdl 512]} 28. dxe4 f4 29. gxf4 Bxf4 30. e5 d3 31. Qe4 $2 (31. Qf2 Bxe5 32. Kh1) 31... Rd4 {Accuracy: White = 34%, Black = 85%.} 0-1

[Event "VI Sunway Sitges Open 2019"]
[Site "Sitges"]
[Date "2019.12.13"]
[Round "1.4"]
[White "Melkumyan, Hrant"]
[Black "Kholopov, Alexander A."]
[Result "1/2-1/2"]
[WhiteElo "2668"]
[BlackElo "2253"]
[Annotator "TA"]
[PlyCount "90"]
[EventDate "2019.12.13"]
[EventType "swiss"]
[EventCountry "ESP"]
[SourceTitle "playchess.com"]
[Source "ChessBase"]
[SourceQuality "1"]

{[%evp 15,90,27,51,11,85,12,13,13,13,13,10,14,23,19,19,16,21,26,36,16,26,20,56,37,40,40,38,38,38,43,47,33,41,36,42,24,25,25,49,38,46,41,38,41,37,8,8,0,14,13,9,-7,-8,-8,0,-8,0,-6,0,0,0,0,0,0,0,-207,-18,-27,0,0,0,0,0,0,0,0,0]} 1. e4 c5 2. Nf3 Nf6 3. e5 Nd5 4. Nc3 e6 5. Nxd5 exd5 6. d4 Nc6 7. dxc5 Bxc5 8. Qxd5 d6 9. Bc4 {[%csl Gc4][%cal Rd5f7] B29: Sicilian: 2 Nf3 Nf6 (Nimzowitsch Variation)} (9. exd6 Qb6 10. Qe4+ Be6 11. Qh4 f6 12. Bc4 Bxf2+ 13. Qxf2 Bxc4 14. b3 Qxf2+ 15. Kxf2 Bf7 16. c4 Kd7 17. Ba3 a5 18. Nd2 Rhe8 19. Rhe1 {½-½ (30) Anand,V (2759)-Mamedyarov,S (2808) Paris 2018}) 9... O-O {[#]} (9... Be6 $11 10. Qd3 dxe5) 10. O-O (10. exd6 $1 $16 Bxd6 11. O-O) 10... Be6 $11 11. Qd3 $1 {aiming for Ng5!} Nxe5 $146 ({Predecessor:} 11... Nb4 12. Qe2 Bxc4 13. Qxc4 Rc8 14. Qb3 dxe5 15. Nxe5 Bd6 16. c3 Bxe5 17. Qxb4 {1-0 (40) Fuksik,J (2293)-Klima,L (2288) Czechia 1999}) 12. Nxe5 dxe5 13. Qxd8 Raxd8 14. Bxe6 fxe6 15. Bg5 Rd7 16. Rae1 Rf5 17. Bc1 h5 18. Re2 Rdf7 19. Be3 Bxe3 20. Rxe3 $14 {[%mdl 4096] Endgame KRR-KRR} Rd7 21. Rfe1 Kf7 22. g3 Kf6 23. Kg2 g5 24. R1e2 g4 25. Re4 Rd4 26. c3 Rd5 27. a4 a6 28. h3 Rg5 29. Rc4 Rg7 30. h4 Rgd7 31. Rc8 Rd2 32. Rxd2 Rxd2 $11 {KR-KR} 33. b4 e4 {...e3 is the strong threat.} 34. Kf1 $1 Kf5 35. Rc4 b5 36. Ke1 Rc2 37. axb5 axb5 38. Rc5+ e5 39. Rxb5 Rxc3 40. Kd2 $2 {[#]} (40. Rc5 $11 Rf3 41. Rc2) 40... Rd3+ $2 (40... Rf3 $1 $19 41. Rb8 Rxf2+ 42. Ke1 Rg2) 41. Ke2 $1 Rb3 (41... Rf3 $5 {[%cal Re4e3]}) 42. Rc5 $1 {The position is equal.} Rxb4 43. Rc3 Ra4 44. Rb3 Ra1 45. Rc3 Rb1 {Accuracy: White = 57%, Black = 52%.} 1/2-1/2

[Event "VI Sunway Sitges Open 2019"]
[Site "Sitges"]
[Date "2019.12.13"]
[Round "1.5"]
[White "Pratyusha, Bodda"]
[Black "Sasikiran, Krishnan"]
[Result "0-1"]
[WhiteElo "2253"]
[BlackElo "2656"]
[Annotator "TA"]
[PlyCount "86"]
[EventDate "2019.12.13"]
[EventType "swiss"]
[EventCountry "ESP"]
[SourceTitle "playchess.com"]
[Source "ChessBase"]
[SourceQuality "1"]

{[%evp 9,86,0,7,-4,37,33,58,52,62,60,66,20,20,17,29,29,166,79,79,37,31,0,-10,0,-1,-40,-14,-6,-13,-60,-44,-44,-44,-44,91,83,74,-21,-31,-29,-31,-31,-32,-28,-16,-56,-54,-56,-56,-56,-55,-51,-40,-51,-39,-51,-47,-27,-39,-39,-39,-54,-54,-54,-54,-54,-54,-106,-81,-107,-93,-202,-173,-521,-512,-511,-512,-1021,-1006]} 1. d4 Nf6 2. Bf4 g6 3. Nc3 d5 4. e3 Bg7 5. h4 h5 $146 (5... c6 6. Be2 Qb6 7. Rb1 h5 8. Nf3 Bg4 9. Ne5 Bxe2 10. Qxe2 Nbd7 11. Qf3 Qa6 {0-1 (32) Karjakin,S (2750)-Yu,Y (2752) Saint Louis 2019}) 6. Nf3 {A45: Trompowsky Attack} Bg4 7. Qd2 Bxf3 8. gxf3 {White is slightly better.} c6 9. O-O-O b5 10. Kb1 Nbd7 {[%cal Bb8d7,Bd7b6,Bb6c4][%mdl 32]} 11. Bd3 Nb6 12. Rhg1 O-O (12... e6 $11) 13. Be5 (13. Bxg6 $1 $18 {and White stays clearly on top. Hoping for Bd3.} fxg6 14. Rxg6) 13... Nc4 $16 14. Qe1 e6 15. f4 Qe7 16. Ne2 a5 {[%cal Ba7a5,Ba5b4][%mdl 32]} 17. Nc1 Ng4 18. Bxg7 Kxg7 19. Rg3 Qb4 ({Don't play} 19... Qxh4 $6 20. Bxc4 bxc4 21. f3 $14) 20. Qxb4 axb4 21. Rg2 Nh6 (21... Nf6 $15 {stays ahead.}) 22. Be2 $1 Nf5 {[#]} 23. Nd3 (23. Rh2 $1 $16) 23... Nxh4 $11 24. Rh2 Nf5 25. Nxb4 Rfc8 26. Bd3 Ne7 (26... Kf6 {keeps more tension.} 27. c3 c5 28. dxc5 Rxc5 29. Nc2 Rb8) 27. Bxc4 bxc4 28. c3 Nf5 29. Kc2 c5 30. dxc5 Rxc5 31. Kd2 Rb5 32. a3 Nd6 $36 {[%mdl 2048] Black is more active.} 33. f3 Nb7 34. Ke2 Nc5 35. f5 Na4 36. fxg6 fxg6 37. Rd2 Rf8 38. Kf2 (38. f4 $15) 38... Rb7 39. Kg3 Rbf7 40. Rdf2 (40. f4 $17) 40... Nc5 $19 41. Kg2 $2 {[#]} (41. Nc6 {is a better chance.}) 41... Ne4 $1 {[%mdl 576] Pin. Black is clearly winning.} 42. Rf1 (42. fxe4 Rxf2+) 42... Nd2 $1 {[%csl LRf1,LRf3][%cal Rd2f3][%mdl 64] Double Attack} 43. Rf2 (43. Rc1 $142 Rxf3 44. Kg1) 43... Nxf3 {Accuracy: White = 44%, Black = 54%.} 0-1

[Event "VI Sunway Sitges Open 2019"]
[Site "Sitges"]
[Date "2019.12.13"]
[Round "1.6"]
[White "Lagarde, Maxime"]
[Black "Galiana Fernandez, Adrian"]
[Result "1-0"]
[WhiteElo "2655"]
[BlackElo "2251"]
[Annotator "TA"]
[PlyCount "37"]
[EventDate "2019.12.13"]
[EventType "swiss"]
[EventCountry "ESP"]
[SourceTitle "playchess.com"]
[Source "ChessBase"]
[SourceQuality "1"]

{[%evp 9,37,27,28,34,43,41,43,41,38,42,45,46,47,43,64,74,68,66,73,59,54,27,49,45,37,37,118,133,327,337]} 1. c4 e6 2. Nc3 d5 3. d4 Nf6 4. Bg5 dxc4 5. e3 a6 6. Bxc4 {D50: Queen's Gambit Declined: Dutch-Peruvian Gambit} (6. a4 h6 7. Bh4 b6 8. Bxc4 Bb7 9. Nf3 c5 10. O-O cxd4 11. exd4 Be7 12. Qe2 O-O 13. Rad1 Nc6 14. Rfe1 Nd5 15. Bxd5 Bxh4 16. Be4 Re8 17. d5 exd5 18. Rxd5 Qe7 19. Qd2 Qf6 20. Rd7 {1-0 (20) Ding,L (2749)-Lu,S (2595) Danzhou 2015}) 6... b5 7. Be2 Nbd7 8. Bf3 $146 {White is slightly better.} ({Predecessor:} 8. Nf3 Bb7 9. O-O Be7 {½-½ (9) Gnichtel,G (2152)-Helbig,D (2090) Zweibruecken 2013}) 8... Rb8 9. Nge2 h6 10. Bh4 Be7 11. Qc2 c5 12. dxc5 Bxc5 13. O-O Bb7 14. Bxb7 Rxb7 15. Rfd1 Qb6 16. Ne4 Nxe4 17. Qxe4 O-O {[#]} (17... a5 $14) 18. b4 $1 $16 {[%cal Rb4c5]} Bd6 $2 {[#]} (18... g5 $16 {was called for.}) 19. Rxd6 $1 {[%mdl 512] Accuracy: White = 100%, Black = 31%.} 1-0

[Event "VI Sunway Sitges Open 2019"]
[Site "Sitges"]
[Date "2019.12.13"]
[Round "1.7"]
[White "Paszewski, Mateusz"]
[Black "Edouard, Romain"]
[Result "0-1"]
[WhiteElo "2251"]
[BlackElo "2653"]
[Annotator "RC"]
[PlyCount "96"]
[EventDate "2019.12.13"]
[EventType "swiss"]
[EventCountry "ESP"]
[SourceTitle "playchess.com"]
[Source "ChessBase"]
[SourceQuality "1"]
[TimeControl "40/5400+30:1800+30"]

1. e4 {[%emt 0:00:04]} c5 {[%emt 0:00:00]} 2. Nf3 {[%emt 0:00:32]} d6 {[%emt 0:00:45]} 3. Bb5+ {[%emt 0:00:10]} Nd7 {[%emt 0:00:12]} 4. d4 {[%emt 0:00:22]} cxd4 {[%emt 0:00:00]} 5. Qxd4 {[%emt 0:00:05]} a6 {[%emt 0:00:06]} 6. Bxd7+ {[%emt 0:00:00]} Qxd7 {[%emt 0:00:47]} 7. Nc3 {[%emt 0:00:10]} e5 {[%emt 0:00:18]} 8. Qd3 {[%emt 0:00:35]} Qc6 {[%emt 0:00:57]} 9. O-O {[%emt 0:00:17]} Be6 {[%emt 0:01:02]} 10. Rd1 {[%emt 0:01:40]} Rc8 {[%emt 0:00:00]} 11. a4 {[%emt 0:05:29]} h6 {[%emt 0:00:00]} 12. Nd2 {[%emt 0:02:47]} Nf6 {[%emt 0:00:00]} 13. Nf1 {[%emt 0:00:11]} Be7 {[%emt 0:00:00]} 14. Ne3 {[%emt 0:00:31]} O-O {[%emt 0:17:18]} 15. Ncd5 {[%emt 0:00:21]} Bxd5 {[%emt 0:00:00]} 16. exd5 {[%emt 0:17:04]} Qd7 {[%emt 0:00:00]} 17. Nf5 {[%emt 0:01:43]} Kh8 {[%emt 0:00:00]} 18. c4 {[%emt 0:09:47]} Rfe8 {[%emt 0:21:40]} 19. Nxe7 {[%emt 0:04:46]} Qxe7 {[%emt 0:00:00]} 20. b3 {[%emt 0:18:35]} Nd7 21. Ba3 {[%emt 0:01:57]} a5 {[%emt 0:07:05]} 22. Qc3 {[%emt 0:03:54]} Ra8 {[%emt 0:03:51]} 23. Rac1 {[%emt 0:06:37]} b6 {[%emt 0:00:00]} 24. Re1 {[%emt 0:02:50]} f5 {[%emt 0:03:22]} 25. Qh3 {[%emt 0:01:41]} Qf6 {[%emt 0:02:27]} 26. Rc2 {[%emt 0:01:14]} g5 {[%emt 0:02:15]} 27. Rce2 {[%emt 0:02:55]} Kh7 {[%emt 0:00:00]} 28. Qd3 {[%emt 0:05:14]} Nc5 {[%emt 0:01:12]} 29. Qc2 {[%emt 0:00:42]} Qg6 {[%emt 0:02:18]} 30. Qc3 {[%emt 0:01:05]} f4 {[%emt 0:03:14]} 31. Bxc5 {[%emt 0:00:04]} bxc5 {[%emt 0:01:40]} 32. Qc2 {[%emt 0:05:49]} Rab8 {[%emt 0:00:00]} 33. Qxg6+ {[%emt 0:00:15]} Kxg6 {[%emt 0:00:00]} 34. Rb2 {[%emt 0:00:13]} e4 {[%emt 0:00:57]} 35. Kf1 {[%emt 0:00:48]} Kf5 {[%emt 0:01:11]} 36. Ke2 {[%emt 0:05:54]} h5 {[%emt 0:00:49]} 37. Kd2 {[%emt 0:00:00]} h4 38. Kc3 {[%emt 0:02:59]} h3 {[%emt 0:01:34]} 39. g3 {[%emt 0:04:03]} Kg4 {[%emt 0:01:42]} 40. gxf4 {[%emt 0:00:00]} gxf4 {[%emt 0:00:13]} 41. Rg1+ {[%emt 0:00:06]} Kf3 {[%emt 0:00:00]} 42. Rg6 {[%emt 0:00:29]} Rbd8 {[%emt 0:00:00]} 43. Rh6 {[%emt 0:00:27]} Rh8 {[%emt 0:00:00]} 44. Re6 {[%emt 0:00:00]} Rdg8 {[%emt 0:00:53]} 45. Rxd6 {[%emt 0:00:00]} Rg2 46. Re6 {[%emt 0:00:15]} Rxh2 {[%emt 0:00:00]} 47. d6 {[%emt 0:00:00]} Rh1 {[%emt 0:00:58]} 48. d7 {[%emt 0:00:23]} Rd8 {[%emt 0:00:03] Kd4} 0-1

[Event "VI Sunway Sitges Open 2019"]
[Site "Sitges"]
[Date "2019.12.13"]
[Round "1.8"]
[White "Kovalenko, Igor"]
[Black "Moreby, James"]
[Result "1-0"]
[WhiteElo "2647"]
[BlackElo "2248"]
[Annotator "TA"]
[PlyCount "63"]
[EventDate "2019.12.13"]
[EventType "swiss"]
[EventCountry "ESP"]
[SourceTitle "playchess.com"]
[Source "ChessBase"]
[SourceQuality "1"]

{[%evp 14,63,5,0,25,21,21,21,17,5,10,5,55,39,40,31,45,32,41,44,52,9,30,0,39,14,65,56,64,67,62,57,77,62,83,76,126,124,195,206,194,182,175,179,217,189,197,194,493,468,1539,1457]} 1. e4 e6 2. d4 d5 3. e5 c5 4. c3 Nc6 5. Nf3 Bd7 6. Be2 Nge7 7. Na3 cxd4 8. cxd4 Ng6 {C02: French: Advance Variation} (8... Nf5 9. Nc2 Qb6 10. g4 Nfe7 11. O-O h5 12. g5 Nf5 13. a3 Be7 14. b4 f6 15. b5 Na5 16. Ne3 Nxe3 17. Bxe3 Bxb5 18. exf6 gxf6 {1-0 (41) Vachier Lagrave,M (2789)-Sebenik,M (2562) chess.com INT 2018}) 9. O-O Be7 10. Nc2 O-O {The position is equal.} 11. Bd3 Rc8 12. Re1 Nh8 13. h4 f5 14. exf6 Bxf6 15. g3 Nf7 16. Bf4 Qb6 $146 ({Predecessor:} 16... g6 17. Ne5 Nfxe5 18. dxe5 {½-½ (74) Tavoularis,N (2202)-Punnett,A (2120) Telford 2005}) 17. Qd2 Kh8 {[%cal Rf6d4]} 18. Bf1 Ne7 19. Ne3 Nd6 (19... Nc6 $11) 20. Bxd6 $14 Qxd6 21. Ng4 Nc6 22. a3 Be8 23. Nxf6 Rxf6 24. Ne5 Bg6 25. Rac1 Be4 (25... a6 $16) 26. Bb5 $18 Ne7 27. Rxc8+ Nxc8 28. Rc1 Nb6 29. a4 {[%cal Ba3a4,Ba4a5,Ba5b6][%mdl 32]} a6 30. a5 axb5 $2 (30... Nc4 {was necessary.} 31. Bxc4 (31. Nxc4 dxc4 32. Bxc4 h6 $16) 31... dxc4) 31. axb6 {[#] Rc8+ is the strong threat.} b4 (31... Rf8 $142 32. Rc8 Kg8) 32. Rc8+ {Accuracy: White = 68%, Black = 32%.} 1-0

[Event "VI Sunway Sitges Open 2019"]
[Site "Sitges"]
[Date "2019.12.13"]
[Round "1.9"]
[White "Dushyant Sharma"]
[Black "Donchenko, Alexander"]
[Result "0-1"]
[WhiteElo "2247"]
[BlackElo "2644"]
[Annotator "TA"]
[PlyCount "68"]
[EventDate "2019.12.13"]
[EventType "swiss"]
[EventCountry "ESP"]
[SourceTitle "playchess.com"]
[Source "ChessBase"]
[SourceQuality "1"]

{[%evp 15,72,16,15,26,57,32,31,8,22,0,27,-7,55,36,58,8,0,0,29,26,71,0,27,19,20,0,20,0,18,15,16,17,24,0,0,0,75,52,29,-181,-178,-458,-452,-484,-468,-645,-649,-618,-619,-1495,-1495,-1163,-1163,-29995,-29988,-29990,-29991,-29991,-29992]} 1. e4 c6 2. d4 d5 3. Nc3 dxe4 4. Nxe4 Nf6 5. Nxf6+ exf6 6. c3 Bd6 7. Bd3 O-O 8. Ne2 Re8 9. Qc2 {B15: Caro-Kann: 3 Nc3: 3...g6 and 3...dxe4 4 Nxe4 Nf6 5 Nxf6+ exf6} h5 10. Be3 Nd7 {[%cal Bb8d7,Bd7b6,Bb6d5][%mdl 32]} 11. Ng3 {White is slightly better.} Nb6 12. O-O-O Nd5 13. Rde1 {[#]} b5 $146 (13... Be6 $11) ({Predecessor:} 13... Be6 14. Kb1 Qa5 15. a3 Rad8 16. Ne4 Nxe3 17. fxe3 {0-1 (26) Bernotas,A (2436)-Berkes,F (2671) Batumi 2018}) 14. Bd2 $1 $14 Nf4 15. Bxf4 (15. Be4 $5 {[%cal Re4c6]} Bd7 16. Kb1 $14) 15... Bxf4+ 16. Kb1 h4 17. Nf5 Be6 18. Re4 ({Better is} 18. g3 $16 Bc7 19. Nxh4) 18... Bc7 (18... Bg5 $5 {[%cal Rd8d5]} 19. f4 Bxf5 20. Rxe8+ Qxe8 21. Bxf5 Bxf4 $11) 19. Rxh4 Qd5 {[%mdl 64] Double Attack} 20. b3 g6 {[%cal Re6f5]} 21. Ng3 {Hoping for Bxg6!} (21. Ne3 {seems wilder.} Qg5 22. g3 f5 23. Rc1 Rad8 24. Ng2) 21... Qg5 22. Re4 f5 23. h4 Qf6 24. Ree1 Bd5 25. h5 b4 (25... Bxg2 $11 {remains equal.} 26. hxg6 fxg6) 26. hxg6 ({Much worse is} 26. cxb4 Rxe1+ 27. Rxe1 Qxd4 $11) 26... fxg6 27. c4 $2 (27. Ne2 $11 {and White is okay.}) 27... Bxg2 $19 28. Rxe8+ $2 (28. Ne2 {was necessary.} Bxh1 29. Rxh1) 28... Rxe8 29. Rg1 {[%cal Rg3f5]} Qxd4 {aiming for ...Be5.} 30. Nxf5 gxf5 31. Rxg2+ {[#]} Kf8 $1 {( -> ...Re1+)} 32. Be2 Be5 {[%csl Ge5][%cal Rd4a1]} 33. Qxf5+ {[#]} Bf6 $1 {[%csl Gf6][%cal Rd4b2]} 34. Kc1 Qb2+ 0-1

[Event "VI Sunway Sitges Open 2019"]
[Site "Sitges"]
[Date "2019.12.13"]
[Round "1.10"]
[White "Sethuraman, S.P."]
[Black "Panesar Vedant"]
[Result "1-0"]
[WhiteElo "2638"]
[BlackElo "2247"]
[Annotator "TA"]
[PlyCount "59"]
[EventDate "2019.12.13"]
[EventType "swiss"]
[EventCountry "ESP"]
[SourceTitle "playchess.com"]
[Source "ChessBase"]
[SourceQuality "1"]

{[%evp 12,65,10,-1,29,33,50,46,44,37,43,45,41,45,50,38,47,48,56,60,68,64,64,62,63,54,101,100,115,107,116,107,125,114,121,118,92,106,151,132,167,155,230,250,358,355,698,693,909,933,909,878,2071,1996,2177,2108]} 1. d4 Nf6 2. c4 e6 3. Nf3 $146 ({Predecessor:} 3. g3 Bb4+ 4. Bd2 a5 5. Bg2 O-O 6. Nf3 {½-½ (51) Koziak,V (2515)-Ovsejevitsch,S (2572) Mukachevo 2012}) 3... d5 4. g3 Bb4+ 5. Bd2 a5 6. Bg2 O-O 7. Qc2 c5 {E11: Bogo-Indian} 8. cxd5 cxd4 9. Nxd4 Qb6 {White is slightly better.} 10. e3 exd5 11. O-O Nc6 12. Nxc6 bxc6 13. Rc1 Bd7 14. Nc3 Rfe8 15. Na4 Qa7 16. Bxb4 axb4 17. Nc5 Bg4 18. h3 Bh5 19. Qd2 Rab8 20. a3 bxa3 21. bxa3 {[%cal Bb2a3,Ba3a4,Ba4a5,Ba5a6,Ba6a7][%mdl 32]} ({Don't do} 21. Rxa3 Qe7 $14) 21... Bg6 22. a4 h5 23. Qd4 Qa5 24. Qc3 Qa7 25. a5 h4 {...hxg3 would now be nice for Black.} 26. g4 Nh7 (26... Rec8 $16 27. Qd4 Qe7) 27. Qd4 $18 f5 (27... Rec8 {was worth a try.} 28. Ne6 Qxd4 29. Nxd4 c5) 28. a6 Qf7 $2 (28... Nf6 29. g5 Ne4 30. Nxe4 {[%mdl 64] Discovered Attack} Qxd4 31. exd4 fxe4 32. Rxc6 Bf5) 29. Nb7 {White is clearly winning.} Re6 {[#]} 30. a7 {Played: Rc1xc6} 1-0